| 000 | 00676nam a2200253 i 4500 | ||
|---|---|---|---|
| 001 | 18344 | ||
| 003 | ES-MaACL | ||
| 005 | 20230906151821.0 | ||
| 007 | t| | ||
| 008 | 011010s2000 sp |||| | spa d | ||
| 020 | _a84-95414-07-4 | ||
| 080 | _a008(4) | ||
| 080 | _a94 | ||
| 100 | 1 |
_aCacciari, Massimo. _933336 |
|
| 245 | 1 | 0 |
_aGeo-filosofĂa de Europa / _cMassimo Cacciari. |
| 260 |
_aMadrid : _bAldebarán, _c[2000] |
||
| 300 |
_a203 p. ; _c17 cm. |
||
| 490 | 1 |
_aSileno ; _v13 |
|
| 650 | 1 | 4 |
_aIdentidad cultural- _zEuropa. _913539 |
| 651 |
_aEuropa- _xHistoria. _98599 |
||
| 830 | 0 |
_aSileno ; _v13 _9180430 |
|
| 852 |
_aES-MaACL _jL-25012 |
||
| 999 |
_c18344 _d18344 |
||